[Event "NRW Class2 1415"]
[Site "Germany"]
[Date "2015.01.11"]
[Round "5.6"]
[White "Bolwerk, Peter"]
[Black "Kahleys, Kevin"]
[Result "0-1"]
[WhiteElo "2184"]
[BlackElo "2192"]
[PlyCount "100"]
[EventDate "2014.09.14"]
[EventType "team-tourn"]
[EventRounds "9"]
[EventCountry "GER"]
[SourceTitle "EXT 2017"]
[Source "ChessBase"]
[SourceDate "2016.10.25"]
[SourceVersion "1"]
[SourceVersionDate "2016.10.25"]
[SourceQuality "1"]
[WhiteTeam "Muenster"]
[BlackTeam "Bochum SG II"]
[WhiteTeamCountry "GER"]
[BlackTeamCountry "GER"]

1. e4 e6 2. d4 d5 3. Nc3 Nf6 4. e5 Nfd7 5. f4 c5 6. Nf3 Nc6 7. Be3 cxd4 8. Nxd4 Bc5 9. Qd2 Nxd4 10. Bxd4 Bxd4 11. Qxd4 Qb6 12. 0-0-0 Qxd4 13. Rxd4 a6 14. Be2 h6 15. h4 h5 16. Kb1 Rb8 17. Rc1 b5 18. a4 b4 19. Na2 a5 20. Bb5 Ke7 21. Bxd7 Bxd7 22. b3 Rhc8 23. Kb2 Rc7 24. c3 bxc3+ 25. Rxc3 Rxc3 26. Nxc3 Bc6 27. Ka3 f6 28. Ne2 Rc8 29. Rd2 Bd7 30. Kb2 fxe5 31. fxe5 Rf8 32. Nd4 Rf4 33. Nf3 Rg4 34. Rc2 d4 35. Ka3 d3 36. Rd2 Bc6 37. Rxd3 Rxg2 38. Nd2 Bd5 39. b4 axb4+ 40. Kxb4 Rg4+ 41. Kb5 Rxh4 42. a5 Rh1 43. a6 Ra1 44. Nf3 Rxa6 45. Rxd5 Ra3 46. Rc5 Rxf3 47. Rc7+ Kf8 48. Rc8+ Kf7 49. Rc7+ Kg6 50. Re7 Re3 0-1

[Event "NRW Class1 1314"]
[Site "Germany"]
[Date "2014.03.09"]
[Round "7.6"]
[White "Bussard, Christian"]
[Black "Kahleys, Kevin"]
[Result "1/2-1/2"]
[WhiteElo "2126"]
[BlackElo "2223"]
[PlyCount "96"]
[EventDate "2013.09.15"]
[EventType "team-tourn"]
[EventRounds "9"]
[EventCountry "GER"]
[SourceTitle "EXT 2015"]
[Source "ChessBase"]
[SourceDate "2014.11.20"]
[SourceVersion "1"]
[SourceVersionDate "2014.11.20"]
[SourceQuality "1"]
[WhiteTeam "Niederkassel"]
[BlackTeam "Bochum II"]
[WhiteTeamCountry "GER"]
[BlackTeamCountry "GER"]

1. d4 d5 2. Nf3 Nf6 3. c4 c6 4. Nc3 g6 5. e3 Bg7 6. Be2 0-0 7. 0-0 Qb6 8. cxd5 cxd5 9. b3 Bf5 10. Bb2 Rc8 11. Rc1 Nbd7 12. Nh4 Nf8 13. Nxf5 gxf5 14. Na4 Qd6 15. Qd3 e6 16. Qb5 b6 17. Qa6 Rd8 18. Nc3 Rd7 19. Nb5 Qb8 20. f4 Qb7 21. Qxb7 Rxb7 22. Rc6 a6 23. Nd6 Rbb8 24. Rfc1 N8d7 25. h3 Bf8 26. g4 fxg4 27. hxg4 Ne8 28. Nxe8 Rxe8 29. Kf2 b5 30. Bd3 Be7 31. Kf3 Ra7 32. Rh1 Nf8 33. Rc2 f6 34. Rc6 Bd8 35. Rc8 Ng6 36. Ba3 e5 37. Bxg6 hxg6 38. dxe5 fxe5 39. fxe5 Rf7+ 40. Ke2 Rc7 41. Rc1 Rxc1 42. Bxc1 Kf7 43. Ba3 Ba5 44. Rxe8 Kxe8 45. Kd3 Kd7 46. e4 Ke6 47. Bd6 dxe4+ 48. Kxe4 Bc3 1/2-1/2

[Event "NRW Class1 1314"]
[Site "Germany"]
[Date "2013.11.17"]
[Round "3.5"]
[White "Kahleys, Kevin"]
[Black "Ciornei, Dragos"]
[Result "0-1"]
[WhiteElo "2223"]
[BlackElo "2112"]
[PlyCount "88"]
[EventDate "2013.09.15"]
[EventType "team-tourn"]
[EventRounds "9"]
[EventCountry "GER"]
[SourceTitle "EXT 2015"]
[Source "ChessBase"]
[SourceDate "2014.11.20"]
[SourceVersion "1"]
[SourceVersionDate "2014.11.20"]
[SourceQuality "1"]
[WhiteTeam "Bochum II"]
[BlackTeam "Oberhausen"]
[WhiteTeamCountry "GER"]
[BlackTeamCountry "GER"]

1. Nf3 Nf6 2. g3 g6 3. Bg2 Bg7 4. 0-0 0-0 5. d4 d6 6. c4 Nbd7 7. Nc3 e5 8. h3 c6 9. e4 exd4 10. Nxd4 Re8 11. Re1 a5 12. Nc2 Qc7 13. Be3 a4 14. Rc1 Nc5 15. Bf4 Bf8 16. Nd4 Nfd7 17. b4 axb3 18. Nxb3 Ne5 19. Nxc5 dxc5 20. Qe2 Bg7 21. Kh2 Qa5 22. Bd2 Qa6 23. f4 Nxc4 24. Bf1 Nxd2 25. Qxd2 Qa5 26. e5 Be6 27. a4 Red8 28. Qb2 Qb4 29. Rb1 Qa5 30. Rbc1 b6 31. Red1 Rd4 32. Bg2 Rad8 33. Bxc6 h5 34. Rxd4 Rxd4 35. Rd1 Rxd1 36. Nxd1 Qe1 37. Nf2 h4 38. Kg2 hxg3 39. Kxg3 Qe3+ 40. Bf3 g5 41. Qxb6 Qxf4+ 42. Kg2 Bxe5 43. Qxc5 Bc4 44. Qc8+ Kg7 0-1

[Event "NRW Class1 1314"]
[Site "Germany"]
[Date "2013.09.15"]
[Round "1.3"]
[White "Kahleys, Kevin"]
[Black "Villwock, Martin"]
[Result "1-0"]
[WhiteElo "2223"]
[BlackElo "2155"]
[PlyCount "73"]
[EventDate "2013.09.15"]
[EventType "team-tourn"]
[EventRounds "9"]
[EventCountry "GER"]
[SourceTitle "EXT 2015"]
[Source "ChessBase"]
[SourceDate "2014.11.20"]
[SourceVersion "1"]
[SourceVersionDate "2014.11.20"]
[SourceQuality "1"]
[WhiteTeam "Bochum II"]
[BlackTeam "Katernberg II"]
[WhiteTeamCountry "GER"]
[BlackTeamCountry "GER"]

1. Nf3 c5 2. c3 Nf6 3. d4 b6 4. Bf4 Bb7 5. e3 g6 6. h3 Bg7 7. Be2 0-0 8. 0-0 d6 9. Nbd2 Nbd7 10. a4 Nd5 11. Bh2 h6 12. Qb3 Kh8 13. a5 f5 14. a6 Bc6 15. c4 cxd4 16. cxd5 Nc5 17. Qa2 dxe3 18. dxc6 exd2 19. Nxd2 Qc8 20. Rac1 Ne6 21. b4 Nd4 22. Nf3 b5 23. Nxd4 Bxd4 24. Bxb5 Rb8 25. Qc4 e5 26. c7 Rb6 27. Rfd1 Kh7 28. Kf1 f4 29. Bd7 Qxd7 30. c8Q Rxc8 31. Qxc8 Qxc8 32. Rxc8 Rxb4 33. f3 Ra4 34. Rc7+ Kg8 35. Rb1 Bb6 36. Rd7 Rxa6 37. Bg1 1-0

[Event "Pula op 27th"]
[Site "Pula"]
[Date "2013.06.11"]
[Round "4"]
[White "Kahleys, Kevin"]
[Black "Balazs, Gabor1111"]
[Result "1/2-1/2"]
[WhiteElo "2191"]
[BlackElo "2415"]
[PlyCount "116"]
[EventDate "2013.06.08"]
[EventType "swiss"]
[EventRounds "9"]
[EventCountry "CRO"]
[SourceTitle "CBM 154 Extra"]
[Source "ChessBase"]
[SourceDate "2013.06.25"]
[SourceVersion "2"]
[SourceVersionDate "2013.06.25"]
[SourceQuality "1"]

1. d4 d5 2. c4 c6 3. Nf3 Nf6 4. Nc3 e6 5. Bg5 Nbd7 6. cxd5 exd5 7. e3 Be7 8. Bd3 0-0 9. 0-0 Ne4 10. Bf4 Ndf6 11. Qc2 Nxc3 12. bxc3 Re8 13. Ne5 Bd6 14. h3 g6 15. Rae1 Nh5 16. Bh2 Ng7 17. f4 f6 18. Ng4 Bxg4 19. hxg4 Qd7 20. Qe2 Re7 21. Qf3 Rae8 22. Bg3 f5 23. gxf5 gxf5 24. Bf2 b5 25. g3 Rf8 26. Kg2 Ne8 27. Qh5 Qe6 28. Rh1 Qg6 29. Rh3 Rg7 30. Reh1 Be7 31. Qf3 Rf6 32. Rh5 Nd6 33. Rg5 Qf7 34. Rxg7+ Qxg7 35. Rh5 Ne4 36. Be1 Qf7 37. Rh3 a5 38. Qh5 Rg6 39. Qd1 a4 40. Be2 Nf6 41. Bd3 Qe6 42. Qf3 Ne4 43. Kf1 Rh6 44. Rxh6 Qxh6 45. g4 Qg6 46. gxf5 Qxf5 47. Qg2+ Kf7 48. Be2 Nf6 49. Qh2 h5 50. Bh4 Ng4 51. Bxg4 Qxg4 52. Bxe7 Kxe7 53. Qg2 Qd1+ 54. Kf2 Qc2+ 55. Kf3 Qe4+ 56. Kf2 Qc2+ 57. Kf3 Qd1+ 58. Kf2 Qc2+ 1/2-1/2

[Event "Pula op 27th"]
[Site "Pula"]
[Date "2013.06.10"]
[Round "3"]
[White "Mazur, Stefan"]
[Black "Kahleys, Kevin"]
[Result "1/2-1/2"]
[WhiteElo "2387"]
[BlackElo "2191"]
[PlyCount "114"]
[EventDate "2013.06.08"]
[EventType "swiss"]
[EventRounds "9"]
[EventCountry "CRO"]
[SourceTitle "CBM 154 Extra"]
[Source "ChessBase"]
[SourceDate "2013.06.25"]
[SourceVersion "2"]
[SourceVersionDate "2013.06.25"]
[SourceQuality "1"]

1. d4 d5 2. c4 c6 3. Nf3 g6 4. e3 Nf6 5. Nc3 Bg7 6. Be2 0-0 7. 0-0 Bg4 8. Qb3 Qb6 9. h3 Qxb3 10. axb3 Bxf3 11. Bxf3 e6 12. Bd2 Nbd7 13. Rfd1 a6 14. Be1 Rfd8 15. Be2 Bf8 16. f3 Bb4 17. Bh4 h6 18. c5 g5 19. Bg3 Bxc3 20. bxc3 Re8 21. Bd3 Nh5 22. Bh2 f5 23. e4 Ng7 24. exd5 exd5 25. Re1 Kf7 26. Bd6 Rxe1+ 27. Rxe1 Re8 28. Rxe8 Kxe8 29. g3 Kf7 30. Kf2 Ke6 31. Bc7 Ne8 32. Bd8 Ng7 33. h4 Nf6 34. hxg5 hxg5 35. c4 Nge8 36. Ke3 Ng7 37. b4 Ngh5 38. Kf2 g4 39. b5 axb5 40. cxb5 gxf3 41. Bxf6 Nxf6 42. b6 Ne4+ 43. Kxf3 Nd2+ 44. Kf4 Nb3 45. Bxf5+ Kf6 46. g4 Nxd4 47. g5+ Ke7 48. Bc8 Ne6+ 49. Kf5 Nxc5 50. g6 d4 51. Kg5 d3 52. g7 Ne4+ 53. Kf4 Nf6 54. Ke3 Kf7 55. Kxd3 Kxg7 56. Bxb7 Nd5 57. Bxc6 Nxb6 1/2-1/2

[Event "NRW Class1 1213"]
[Site "Germany"]
[Date "2013.04.28"]
[Round "9.4"]
[White "Kahleys, Kevin"]
[Black "Virnyi, Julius"]
[Result "1-0"]
[WhiteElo "2193"]
[BlackElo "2056"]
[PlyCount "125"]
[EventDate "2012.09.16"]
[EventType "team-tourn"]
[EventRounds "9"]
[EventCountry "GER"]
[SourceTitle "EXT 2017"]
[Source "ChessBase"]
[SourceDate "2016.10.25"]
[SourceVersion "1"]
[SourceVersionDate "2016.10.25"]
[SourceQuality "1"]
[WhiteTeam "Bochum II"]
[BlackTeam "Muenster II"]
[WhiteTeamCountry "GER"]
[BlackTeamCountry "GER"]

1. Nf3 Nf6 2. c4 g6 3. g3 Bg7 4. Bg2 0-0 5. 0-0 c6 6. d4 d6 7. Nc3 Bf5 8. Ne1 Be6 9. d5 cxd5 10. cxd5 Bd7 11. Qb3 Na6 12. Nd3 Qa5 13. Bd2 Rfc8 14. Rac1 Rab8 15. Rfd1 Qd8 16. h3 b5 17. Be3 b4 18. Ne4 Nxe4 19. Bxe4 Qa5 20. Rxc8+ Rxc8 21. Rc1 Rxc1+ 22. Bxc1 Nc5 23. Nxc5 Qxc5 24. Be3 Bd4 25. Bxd4 Qxd4 26. Bg2 a5 27. a3 Qd2 28. axb4 axb4 29. Kh2 Bb5 30. Bf3 Qd4 31. Kg2 Kg7 32. Qc2 Bc4 33. e3 Qd3 34. Qxd3 Bxd3 35. Bd1 Be4+ 36. Bf3 Bd3 37. Bd1 Bc4 38. e4 f5 39. Kf3 Kf6 40. Ke3 Bf1 41. h4 fxe4 42. Kxe4 Bb5 43. g4 Bf1 44. g5+ Kf7 45. Bg4 Ba6 46. Kd4 Bb5 47. Be6+ Kf8 48. f4 Kg7 49. Bg4 Bf1 50. b3 Ba6 51. Ke3 Bb7 52. Bf3 Kf8 53. Be4 Kf7 54. Kd4 Ba6 55. Bd3 Bb7 56. f5 Kg7 57. fxg6 hxg6 58. Bb5 Kf7 59. Kc4 e6 60. Bc6 exd5+ 61. Bxd5+ Bxd5+ 62. Kxd5 Ke7 63. Kc4 1-0

[Event "NRW Class1 1213"]
[Site "Germany"]
[Date "2013.03.10"]
[Round "7.4"]
[White "Kahleys, Kevin"]
[Black "Gruettemeier, Uwe"]
[Result "1-0"]
[WhiteElo "2193"]
[BlackElo "2074"]
[PlyCount "81"]
[EventDate "2012.09.16"]
[EventType "team-tourn"]
[EventRounds "9"]
[EventCountry "GER"]
[SourceTitle "EXT 2017"]
[Source "ChessBase"]
[SourceDate "2016.10.25"]
[SourceVersion "1"]
[SourceVersionDate "2016.10.25"]
[SourceQuality "1"]
[WhiteTeam "Bochum II"]
[BlackTeam "Bielefeld"]
[WhiteTeamCountry "GER"]
[BlackTeamCountry "GER"]

1. Nf3 c6 2. d4 g6 3. g3 Nf6 4. Bg2 Bg7 5. 0-0 0-0 6. c4 d6 7. Nc3 Bf5 8. Ne1 e5 9. d5 cxd5 10. cxd5 Qd7 11. e4 Bh3 12. Nd3 Bxg2 13. Kxg2 Na6 14. f3 Rac8 15. Be3 b6 16. Qd2 Nc5 17. Nb4 Nb7 18. Qe2 Na5 19. Rac1 Nh5 20. Qb5 Qb7 21. Qd3 Nc4 22. Nb5 Nxe3+ 23. Qxe3 Qd7 24. Rxc8 Rxc8 25. Nc6 f5 26. Qa3 fxe4 27. fxe4 Bf8 28. Qxa7 Qg4 29. Qf7+ Kh8 30. Qf3 Qd7 31. h3 Bg7 32. Qf7 Qxf7 33. Rxf7 Bf8 34. Rb7 Ra8 35. a3 Ra4 36. b4 Bh6 37. Ra7 Rxa7 38. Ncxa7 Nf6 39. Kf3 Ne8 40. Nc8 Bc1 41. Nxb6 1-0

[Event "NRW Class1 1213"]
[Site "Germany"]
[Date "2013.01.20"]
[Round "5.3"]
[White "Jesse, Ingemars"]
[Black "Kahleys, Kevin"]
[Result "1-0"]
[WhiteElo "2238"]
[BlackElo "2192"]
[PlyCount "191"]
[EventDate "2012.09.16"]
[EventType "team-tourn"]
[EventRounds "9"]
[EventCountry "GER"]
[SourceTitle "EXT 2017"]
[Source "ChessBase"]
[SourceDate "2016.10.25"]
[SourceVersion "1"]
[SourceVersionDate "2016.10.25"]
[SourceQuality "1"]
[WhiteTeam "Lippstadt Turm"]
[BlackTeam "Bochum II"]
[WhiteTeamCountry "GER"]
[BlackTeamCountry "GER"]

1. c4 Nf6 2. Nc3 e6 3. e4 d5 4. exd5 exd5 5. d4 Be7 6. Bd3 0-0 7. Nge2 Re8 8. 0-0 h6 9. cxd5 Nbd7 10. Bc2 Nf8 11. Nf4 Bd6 12. f3 a6 13. a4 b6 14. Be4 Bd7 15. Nd3 Rb8 16. Bf4 b5 17. Bxd6 cxd6 18. axb5 Bxb5 19. Nxb5 Rxb5 20. Rxa6 Nxe4 21. fxe4 Re7 22. Qa4 Rb6 23. Qa5 Rb8 24. Qxd8 Rxd8 25. Re1 Nh7 26. e5 dxe5 27. d6 Re6 28. dxe5 f6 29. Ra7 fxe5 30. d7 Nf6 31. Rxe5 Rd6 32. Nf2 R8xd7 33. Rxd7 Rxd7 34. Rb5 Rd2 35. Rb7 Kh7 36. h3 h5 37. Rb3 Kg6 38. Rb7 Kh6 39. Rb8 Kg6 40. Rb6 Kf5 41. Rb7 Kg6 42. Rb8 Kf5 43. Rb3 Kg6 44. Rg3+ Kh6 45. b3 Rb2 46. Rf3 Kg6 47. Nd3 Rd2 48. Ne5+ Kh6 49. Rf2 Rd1+ 50. Rf1 Rd5 51. Nc4 Kg5 52. Kh2 h4 53. Ra1 Kf4 54. Ra7 Rb5 55. Rxg7 Rxb3 56. Nd2 Rb4 57. Nf3 Kf5 58. Rg5+ Ke6 59. Rg6 Kf5 60. Rh6 Rb2 61. Nxh4+ Kg5 62. Rg6+ Kxh4 63. Rxf6 Ra2 64. Rb6 Rc2 65. Rb4+ Kg5 66. h4+ Kh5 67. Kh3 Rc3+ 68. g3 Ra3 69. Rb5+ Kh6 70. h5 Ra4 71. g4 Ra1 72. Rb6+ Kg5 73. Rg6+ Kf4 74. h6 Rh1+ 75. Kg2 Rh4 76. g5 Kf5 77. Rg7 Ra4 78. h7 Ra2+ 79. Kf1 Ra1+ 80. Ke2 Ra2+ 81. Kd3 Ra3+ 82. Kc2 Rh3 83. g6 Kf6 84. Rg8 Rh2+ 85. Kd1 Kg5 86. h8Q Rf2 87. Qe5+ Kh4 88. g7 Kg4 89. Qd4+ Kg5 90. Qxf2 Kg6 91. Qf4 Kh7 92. Rh8+ Kxg7 93. Qh6+ Kf7 94. Rf8+ Ke7 95. Qf6+ Kd7 96. Rf7+ 1-0